Top 25 Largest Economies - Statistics

General Stats
  • This quiz has been taken 30 times
  • The average score is 22 of 25
Answer Stats
Nominal GPD Answer % Correct
$1.83T Australia
100%
$2.26T Brazil
100%
$19.40T China
100%
$3.36T France
100%
T$5.01 Germany
100%
$4.28T Japan
100%
$2.54T Russia
100%
$3.96T UK
100%
$4.13T India
96%
$1.86T Mexico
96%
$1.86T South Korea
96%
$1.89T Spain
96%
$30.62T United States
96%
$1.44T Indonesia
93%
$2.54T Italy
93%
$1.27T Saudi Arabia
93%
$683.37B Argentina
89%
$2.28T Canada
89%
$1.04T Poland
89%
$884.39B Taiwan
82%
$1.32T Netherlands
79%
$1.00T Switzerland
79%
$716.98B Belgium
71%
$708.77B Ireland
61%
$1.57T Turkiye
25%
No matching quizzes found
Score Distribution
Percent of People with Each Score
Percentile by Number Answered
Your Score History
You have not taken this quiz